|
|
|
|
| LEADER |
00000nam a2200000 a 4500 |
| 001 |
vtls001263707 |
| 003 |
SK-MaSNL |
| 005 |
20260302065448.0 |
| 008 |
240315s1958 xx 0 und |
| 035 |
|
|
|a SNK000214615
|
| 040 |
|
|
|a SNK
|b slo
|c SNK
|e AACR2
|
| 100 |
1 |
|
|a Gottwald, Klement,
|d 1896-1953
|4 aut
|9 114413
|
| 245 |
1 |
|
|a Spisy XIV
|b máj 1947 - jún 1948
|
| 250 |
|
|
|a 1. vyd.
|
| 260 |
|
|
|a Bratislava
|b Slovenské vydavateľstvo politickej literatúry
|c 1958
|
| 300 |
|
|
|a 566 s.
|
| 999 |
|
|
|c 1142018
|d 1143948
|
| 952 |
|
|
|a SNK
|b SNK
|y VYP
|7 0
|p 17A0495749
|o snkSD 7558/14 D2
|i snkK 2495/62
|3 rekatalogizácia
|0 0
|1 0
|4 0
|d 2006-02-06
|l 0
|r 2026-02-24 19:37:58
|w 2026-02-24
|
| 952 |
|
|
|t P60, <04>, [BOOK], {604}
|a SNK
|b SNK
|y VYP
|7 0
|p 17A0014811
|o snkSD 7558/14 D1
|0 0
|1 0
|4 0
|d 1996-10-17
|l 0
|r 2005-01-01 00:00:00
|w 2026-02-24
|